000 00818nam a22002655 4500
001 185964
003 ES-MaBCM
005 20241016192614.0
008 110603s2011 esp spa d
017 _aBI.1251-2011
020 _a978-84-9004-114-7
021 _axx
035 _a(OCoLC)751652358
040 _cES-MaBCM
080 _a349.3(460):369
100 1 _aBlasco Lahoz, José Francisco
_95409
245 0 0 _aSeguridad social
_b: régimen general, regímenes especiales y prestaciones no contributivas
_cJosé Francisco Blasco Lahoz
260 _aValencia :
_bTirant lo Blanch,
_c2011
300 _a1437 p. ;
_c24 cm
490 0 _aTodo el Derecho. Esfera
_9113935
504 _aIncluye referencias bibliográficas
650 2 7 _aSeguridad social
_960210
651 2 4 _aEspaña
_9115342
942 _cBK
999 _c185964
_d185964